书目信息 |
| 题名: |
沉积环境和相
|
|
| 作者: | 英H.J.里丁 主编 | |
| 分册: | ||
| 出版信息: | 北京 科学出版社 1986 |
|
| 页数: | ||
| 开本: | 28cm | |
| 丛书名: | ||
| 单 册: | ||
| 中图分类: | P58 | |
| 科图分类: | ||
| 主题词: | 岩石学 | |
| 电子资源: | ||
| ISBN: | ||
| 000 | 00506nam0 2200181 450 | |
| 001 | 0736196517 | |
| 005 | 20070924100316.51 | |
| 010 | @d¥9.60 | |
| 100 | @a20070924d km y0chiy0120 ea | |
| 101 | 0 | @achi |
| 200 | 1 | @a沉积环境和相@Achen ji huan jing he xiang@f[英]H.J.里丁主编@F[ying]H.J.li ding zhu bian |
| 210 | @a北京@c科学出版社@d1986 | |
| 215 | @d28cm | |
| 606 | 0 | @a岩石学 |
| 690 | @aP58@v3 | |
| 701 | 0 | @a英H.J.里丁@Aying H.J.li ding@4主编 |
| 801 | 0 | @aCN@bPFT@c20070924 |
| 905 | @a213230@dP58@eZY27@f1 | |
| 沉积环境和相/[英]H.J.里丁主编.-北京:科学出版社,1986 |
| 28cm |
| ISBN :¥9.60 |
| ● |
| 相关链接 |
|
|
|
|
正题名:沉积环境和相
索取号:P58/ZY27
 
预约/预借
| 序号 | 登录号 | 条形码 | 馆藏地/架位号 | 状态 | 备注 |
| 1 | 7901206 | 279012060 | 资源管理系资料室/ [索取号:P58/ZY27] | 在馆 |